000 00577nam a2200217Ia 4500
003 OSt
005 20221007082840.0
006 a|||||r|||| 00| 0
007 ta
008 221006b |||||||| |||| 00| 0 eng d
024 _a30,316
037 _cDissertations
040 _aFLL
_cFLL
_beng
041 _2eng
_aeng
100 _aShekhawat Surendra Singh
_9699633
245 0 _aUnited Nations and the collective security in the 21st century
260 _c2008
300 _a143p
_ccm.
942 _cDIS
_2CC
999 _c1167943
_d1167943